Sil's'ka škola

Bibliographic Details
Main Author: Holoboroďko, Vasyľ Ivanovyč, 1945- (Author)
Format: Article
Language:Ukrainian
Subjects:

MARC

LEADER 00000nab a2200000 4500
001 vtls012226757
003 SK-MaSNL
005 20260425095657.0
008 230331c2023 xo zr|p || ||00 c0ukr
015 |a SNBRB2023/03 
038 |a SVKPOCL 
040 |a SVKPOCL  |b slo  |c SVKPOCL  |e rda 
041 0 |a ukr 
044 |a xo  |c SK 
072 7 |a 821.161  |x Východoslovanské literatúry  |2 konspekt 
080 |a 821.161.2-1-053.2  |2 2011 
080 |a 821.161.2-1  |2 2011 
080 |a (477)  |2 2011 
080 |a 821.161.2-93  |2 2011 
100 |a Holoboroďko, Vasyľ Ivanovyč,  |d 1945-  |4 aut  |9 1107653 
245 1 0 |a Sil's'ka škola  |c Vasyl' Holoborod'ko 
336 |a text  |b txt  |2 rdacontent 
337 |a bez média  |b n  |2 rdamedia 
338 |a zväzok  |b nc  |2 rdacarrier 
500 |a Holoboroďko, Vasyľ pozri Holoboroďko Vasyľ Ivanovyč 
650 0 7 |a ukrajinská literatúra  |2 SNKPH  |9 1218 
650 0 7 |a ukrajinská poézia  |2 SNKPH  |9 59029 
650 0 7 |a ukrajinské básne  |2 svkpocl  |9 857154 
650 0 7 |a literatúra pre deti  |2 SNKPH  |9 55721 
650 0 7 |a poézia pre deti  |2 SNKPH  |9 31212 
655 7 |a poézia pre deti  |2 SNKPH  |9 86748 
773 0 |t Veselka  |g Roč. 71, č. 7 (2022/2023), s. 4 
852 |a SVKPO  |b KIS3GCP 
958 |a SS 
958 |a LX 
958 |a UA 
958 |a DB 
958 |a NM 
999 |c 2261981  |d 2263911